Statistics for Happiest Countries in the World

Click here to take the quiz!

General Stats

  • This quiz has been taken 531 times
  • The average score is 35 of 47

Answer Stats

RankCountry% Correct
4United States
96%
6Canada
95%
10Sweden
95%
28United Kingdom
94%
22Finland
93%
1Norway
93%
15Denmark
92%
20France
91%
23Spain
91%
2Australia
90%
9Germany
90%
12Japan
88%
24Italy
87%
5New Zealand
87%
41Portugal
86%
11Switzerland
86%
14Iceland
85%
7Ireland
85%
3Netherlands
85%
19Austria
83%
29Greece
83%
39Poland
83%
18Belgium
80%
16South Korea
80%
25Luxembourg
73%
26Singapore
71%
45Argentina
70%
38Hungary
69%
43Latvia
69%
35Slovakia
69%
34Estonia
68%
40Lithuania
68%
21Slovenia
68%
46Croatia
66%
44Chile
65%
36Malta
65%
32Andorra
63%
30United Arab Emirates
63%
27Czech Republic
62%
17Israel
61%
37Qatar
59%
8Liechtenstein
57%
31Cyprus
55%
42Bahrain
46%
13*Hong Kong
38%
33Brunei
34%
47Barbados
24%

Score Distribution

Percentile by Number Answered

Percent of People with Each Score

Your Score History

You have not taken this quiz